00465nam a2200169Ia 4500003000400000005001700004008004100021040000700062041000800069082002300077100003900100245007400139250000600213260003800219300001500257650002300272OSt20230401130024.0210423s1961 xx 000 0 und d cAL aeng a541.394 223bFROK aFROST (Arthur A);PEARSON (Ralph G) aKinetics and mechanism: a study of homogeneous chemical reaction Ed 2 a2 aNew YorkbJohn Wiley & Sonsc1961 aix,405bHB aPhysical Chemistry